Evaluation of wetlands of the west coast of Peninsular Malaysia and their importance for natural resource conservation

Bibliographic Details
Main Author: SILVIUS
Other Authors: Chan, Shamsudin Ibrahim
Format: Book
Published: Kuala Lumpur : World Wildlife Fund Malaysia , 1987
Subjects:

MARC

LEADER 00000cam a2200000 7i4500
001 0000002402
005 20030605.0
090 0 0 |a 577.698095951   |b SIL 1987 
100 1 0 |a SILVIUS   |h Marcel J. 
245 1 0 |a Evaluation of wetlands of the west coast of Peninsular Malaysia and their importance for natural resource conservation   |c by Marcel J. Silvius, Chan Hung Tuck, Shamsudin Ibrahim 
260 0 0 |a Kuala Lumpur :   |b World Wildlife Fund Malaysia ,   |c 1987 
300 |a xxxiii, 189 p. :   |b ill. ;   |c 30 cm. 
650 0 0 |a Wetland conservation   |z Peninsular Malaysia 
650 0 0 |a Wetland ecology   |z Peninsular Malaysia 
700 0 1 |a Chan   |h Hung Tuck 
700 0 1 |a Shamsudin Ibrahim 
998 |a JPSM 
999 |a 0000004036   |b Monograph   |c Open Shelf   |e Default branch